000 00799nam a22002057a 4500
005 20240103112247.0
008 240103b ||||| |||| 00| 0 eng d
040 _cAL
041 _akan
082 _223
_aK894.3
_bNAGG
100 _aNagaveni: ನಾಗವೇಣಿ
_9147151
245 _aGandhi Banda:
_bಗಾಂಧಿ ಬಂದ
260 _aMangaluru
_bMangalore University
_c2010
300 _aviii,192p.
_bPB
_c20x13cm.
440 _aMangala Patyapustaka Malike; 43:
_nಮಂಗಳ ಪಠ್ಯ ಪುಸ್ತಕ ಮಾಲಿಕೆ; ೪೩
_9147146
650 _aKannada Miscelaneous:
_vಕನ್ನಡ ವಿವಿಧ
_9147140
650 _aKannada Literature:
_vಕನ್ನಡ ಸಾಹಿತ್ಯ
_9147141
700 _aNAGAVENI: ನಾಗವೇಣಿ
_9147142
942 _2ddc
_cDB
999 _c229564
_d229564